[Event "Asia-chT"]
[Site "Singapore"]
[Date "1995.??.??"]
[Round "7"]
[White "Safin, Shukhrat"]
[Black "Katalymov, Boris N"]
[Result "1/2-1/2"]
[WhiteElo "2455"]
[BlackElo "2460"]
[PlyCount "120"]
[EventDate "1995.12.??"]
[Source "ChessBase"]

1. d4 Nf6 2. Nf3 g6 3. c4 Bg7 4. g3 O-O 5. Bg2 d5 6. cxd5 Nxd5 7. O-O a5 8. Nc3 Nb6 9. Bf4 Nc6 10. d5 Nb4 11. e4 f5 12. Qb3 Kh8 13. Ng5 Nd3 14. Ne2 fxe4 15. d6 exd6 16. Nf7+ Rxf7 17. Qxf7 Nc5 18. Bg5 Qd7 19. Qf4 Ne6 20. Qh4 Nxg5 21. Qxg5 Qe8 22. Rac1 c6 23. Qe3 Na4 24. b3 Nc5 25. Rfd1 Qe7 26. f3 Bf5 27. Nc3 Re8 28. Nxe4 a4 29. Re1 Nxe4 30. fxe4 c5 31. Qf3 Bd7 32. Kh1 Bc6 33. Qd3 Be5 34. Rcd1 Kg7 35. Rf1 h5 36. Rf3 Bd7 37. Rdf1 Be6 38. Qb5 axb3 39. axb3 h4 40. gxh4 Rh8 41. R1f2 Rxh4 42. h3 Rxe4 43. Rf8 Re1+ 44. Rf1 Qxf8 45. Qxb7+ Qf7 46. Rxe1 Qxb7 47. Bxb7 Bxb3 48. Kg2 Be6 49. Be4 c4 50. Kf3 Kf6 51. h4 c3 52. Rg1 Bf5 53. Ke3 d5 54. Bxd5 Bc7 55. Rc1 Ke5 56. Bb3 Bb6+ 57. Kf3 Kd4 58. Bc2 Bxc2 59. Rxc2 Kd3 60. Rxc3+ Kxc3 1/2-1/2

[Event "Moscow ol (Men)"]
[Site "Moscow"]
[Date "1994.??.??"]
[Round "8"]
[White "Bogdanovski, Vlatko"]
[Black "Kakageldyev, Amanmurad"]
[Result "1-0"]
[WhiteElo "2465"]
[BlackElo "2450"]
[PlyCount "71"]
[EventDate "1994.11.??"]
[Source "ChessBase"]

1. c4 g6 2. Nc3 Bg7 3. g3 Nf6 4. Bg2 O-O 5. Nf3 d5 6. cxd5 Nxd5 7. O-O c6 8. d4 Nb6 9. h3 Na6 10. e4 Be6 11. Kh2 Qd7 12. a4 Rad8 13. a5 Nc8 14. Be3 Bc4 15. Re1 Nc7 16. Qc2 Ba6 17. Red1 Nd6 18. Ne5 Qc8 19. f4 f5 20. d5 cxd5 21. exd5 Ncb5 22. Rac1 Nc4 23. Nxb5 Nxe3 24. Qb3 Qb8 25. Qxe3 Bxb5 26. Qb3 Bd7 27. d6+ e6 28. Rc7 Bxe5 29. fxe5 b6 30. Rdc1 Bc8 31. a6 b5 32. Bb7 Bd7 33. Rxd7 Rxd7 34. Qxe6+ Rdf7 35. Rc7 f4 36. Rxf7 1-0

[Event "Cannes Open"]
[Site "Cannes FRA"]
[Date "1994.??.??"]
[Round "4"]
[White "Relange, Eloi"]
[Black "Djuric, Stefan"]
[Result "1-0"]
[WhiteElo "2430"]
[BlackElo "2480"]
[PlyCount "89"]
[EventDate "1994.02.??"]
[Source "www.chesslib.no"]
[SourceDate "2004.05.04"]

1. d4 Nf6 2. c4 g6 3. g3 Bg7 4. Bg2 d5 5. cxd5 Nxd5 6. Nf3 O-O 7. O-O Nc6 8. Nc3 Nxc3 9. bxc3 Na5 10. Bf4 Be6 11. Ne5 c5 12. Qa4 f6 13. Nd3 Bd7 14. Qa3 cxd4 15. Nc5 g5 16. Nxd7 Qxd7 17. Qxa5 gxf4 18. cxd4 Kh8 19. gxf4 Qg4 20. e3 Rg8 21. Kh1 b6 22. Qd5 Rac8 23. Bf3 Qh4 24. Qf5 Rge8 25. Qh5 Qxh5 26. Bxh5 Red8 27. Bg4 Rc2 28. Be6 Rd6 29. f5 Rdc6 30. Bb3 R2c3 31. Rg1 b5 32. Bd5 Rd6 33. Be6 Rdc6 34. Bd7 Rb6 35. Rg3 Rc7 36. Be6 h5 37. Rh3 Bh6 38. Rxh5 Kh7 39. Rg1 Rxe6 40. fxe6 Rc2 41. Rg3 Rxf2 42. Rgh3 Rg2 43. Rxh6+ Kg7 44. Rh7+ Kg6 45. Rxe7 1-0

[Event "Martinez Valle op2"]
[Site "Martinez Valle"]
[Date "1993.??.??"]
[Round "5"]
[White "Giardelli, Sergio C"]
[Black "Ricardi, Pablo"]
[Result "1/2-1/2"]
[WhiteElo "2425"]
[BlackElo "2480"]
[PlyCount "26"]
[EventDate "1993.??.??"]
[Source "www.chesslib.no"]
[SourceDate "2004.05.04"]

1. d4 Nf6 2. Nf3 g6 3. g3 Bg7 4. Bg2 d5 5. c4 O-O 6. cxd5 Nxd5 7. O-O Nc6 8. Nc3 Nxc3 9. bxc3 e5 10. e3 Rb8 11. Ba3 Re8 12. Nd2 Be6 13. Qc2 Qd7 1/2-1/2

[Event "Costa Catalana"]
[Site "?"]
[Date "1978.??.??"]
[Round "7"]
[White "Vadasz, L."]
[Black "Castro, O."]
[Result "1-0"]
[WhiteElo "2495"]
[BlackElo "2410"]
[PlyCount "65"]
[EventDate "1978.??.??"]
[Source "www.chesslib.no"]
[SourceDate "2004.05.04"]

1. Nf3 Nf6 2. c4 g6 3. g3 Bg7 4. Bg2 O-O 5. O-O d5 6. cxd5 Nxd5 7. d4 c5 8. e4 Nc7 9. d5 Nd7 10. Nc3 b5 11. Bg5 h6 12. Be3 Rb8 13. Qd2 Kh7 14. Rac1 Ne8 15. e5 Nxe5 16. Nxe5 Bxe5 17. Bxh6 Ng7 18. Rce1 Bd6 19. Ne4 c4 20. Nxd6 exd6 21. Re4 Rh8 22. Be3 Kg8 23. Bxa7 Ra8 24. Bd4 Bf5 25. Re3 Bd3 26. Rfe1 Rh7 27. Bxg7 Kxg7 28. Re7 Rxa2 29. Qc3+ Kh6 30. h4 Rg7 31. Re8 Qa5 32. Qc1+ Kh7 33. Rh8+ 1-0

[Event "Leiden Open"]
[Site "Leiden NED"]
[Date "1993.02.20"]
[Round "4"]
[White "Nikolic, Nebojsa"]
[Black "Gutman, Lev"]
[Result "1-0"]
[WhiteElo "2440"]
[BlackElo "2450"]
[PlyCount "71"]
[EventDate "1993.02.19"]
[Source "www.chesslib.no"]
[SourceDate "2004.05.04"]

1. d4 Nf6 2. c4 g6 3. Nf3 Bg7 4. g3 O-O 5. Bg2 d5 6. cxd5 Nxd5 7. O-O c6 8. e4 Nc7 9. h3 Nb5 10. e5 Be6 11. Nc3 Nxc3 12. bxc3 Nd7 13. Ng5 Bc4 14. Re1 Qa5 15. Bd2 Nb6 16. Qg4 f6 17. exf6 exf6 18. Ne6 f5 19. Qh4 Bxe6 20. Rxe6 Rae8 21. Rxe8 Rxe8 22. Bf1 Nd5 23. Bc4 Re4 24. Qg5 Kf7 25. Rb1 Qc7 26. g4 h6 27. Qh4 h5 28. Qg3 Qd7 29. gxf5 gxf5 30. Qf3 Kg6 31. Kh1 Nf6 32. Rg1+ Kh7 33. Bg5 Ng4 34. Bd3 Qd6 35. hxg4 hxg4 36. Qxf5+ 1-0

[Event "Cappelle Open"]
[Site "Cappelle la Grande FRA"]
[Date "1994.??.??"]
[Round "3"]
[White "Fominyh, Alexander"]
[Black "Stepanov, Vladimir"]
[Result "1-0"]
[WhiteElo "2515"]
[BlackElo "2365"]
[PlyCount "75"]
[EventDate "1994.02.??"]
[Source "www.chesslib.no"]
[SourceDate "2004.05.04"]

1. d4 Nf6 2. Nf3 g6 3. c4 Bg7 4. g3 O-O 5. Bg2 d5 6. cxd5 Nxd5 7. O-O Nd7 8. e4 N5b6 9. Nc3 c6 10. Bf4 h6 11. Qe2 Kh7 12. Rad1 Nf6 13. Ne5 Be6 14. Rfe1 Qc8 15. a4 Bb3 16. Ra1 Be6 17. Rec1 Bh3 18. Bh1 Nh5 19. Be3 Bxe5 20. dxe5 Qe6 21. Nd1 Ng7 22. a5 Nd7 23. f4 Bg4 24. Qc2 Rfd8 25. Nf2 Nf8 26. Bg2 Qd7 27. h3 Be6 28. g4 f5 29. exf6 exf6 30. f5 Bf7 31. Qc3 Qe7 32. Bc5 Qe5 33. Qxe5 fxe5 34. Rd1 Nd7 35. Be7 Ne8 36. Bxd8 Rxd8 37. Rd3 Nef6 38. Rad1 1-0

[Event "USSR"]
[Site "?"]
[Date "1987.??.??"]
[Round "?"]
[White "Polovodin, I."]
[Black "Dvoirys, S."]
[Result "1/2-1/2"]
[WhiteElo "2425"]
[BlackElo "2455"]
[PlyCount "87"]
[EventDate "1987.??.??"]
[Source "ChessBase"]
[SourceDate "1987.07.01"]

1. d4 Nf6 2. c4 g6 3. g3 Bg7 4. Bg2 d5 5. cxd5 Nxd5 6. Nf3 O-O 7. O-O Nb6 8. Nc3 c6 9. Bf4 Bg4 10. Ne5 Be6 11. e4 Nc4 12. d5 Bxe5 13. Bxe5 Nxe5 14. dxe6 Qxd1 15. exf7+ Kxf7 16. Raxd1 Na6 17. f4 Nc4 18. Rd4 Ne3 19. Rf3 Nxg2 20. Kxg2 Rfd8 21. Rfd3 Ke8 22. Kf3 Nc5 23. Rxd8+ Rxd8 24. Rxd8+ Kxd8 25. Kg4 Ke8 26. Kg5 Kf7 27. Kh6 Kg8 28. f5 gxf5 29. exf5 Nd3 30. Ne4 Nxb2 31. f6 exf6 32. Nxf6+ Kf7 33. Ne4 Kg8 34. g4 Nd3 35. Nf6+ Kf7 36. g5 Ne5 37. Kxh7 c5 38. Ne4 c4 39. h4 Ng6 40. h5 Nf8+ 41. Kh8 Ng6+ 42. Kh7 Nf8+ 43. Kh8 Ng6+ 44. Kh7 1/2-1/2

[Event "Brno Morava-C"]
[Site "Brno"]
[Date "1991.??.??"]
[Round "5"]
[White "Fominyh, Alexander"]
[Black "Pribyl, Josef"]
[Result "1/2-1/2"]
[WhiteElo "2490"]
[BlackElo "2390"]
[PlyCount "101"]
[EventDate "1991.09.??"]
[Source "ChessBase"]

1. d4 Nf6 2. Nf3 g6 3. c4 Bg7 4. g3 O-O 5. Bg2 d5 6. cxd5 Nxd5 7. O-O Nc6 8. e4 Nb6 9. d5 Nb8 10. Nc3 c6 11. Bg5 h6 12. Bf4 g5 13. Be3 Nc4 14. Bd4 e5 15. Bc5 Re8 16. Qb3 b6 17. Qxc4 Ba6 18. Qb3 bxc5 19. Rfd1 Qb6 20. Bf1 Bxf1 21. Kxf1 Re7 22. Qc4 Rb7 23. Rac1 cxd5 24. Nxd5 Qa6 25. Qxa6 Nxa6 26. b3 f6 27. Nd2 Nb4 28. Nxb4 cxb4 29. Nc4 Rc8 30. Rd5 Bf8 31. Rcd1 Be7 32. Rd7 Rcc7 33. Rxc7 Rxc7 34. Rd5 Kf7 35. Ke2 Bc5 36. Rd8 Rc6 37. Rd5 Ke6 38. g4 Kf7 39. Rxe5 Bxf2 40. Rf5 Bd4 41. Kd3 Bc3 42. Rb5 Ra6 43. Ra5 Rxa5 44. Nxa5 h5 45. h3 h4 46. Nc6 Ke6 47. Nxa7 Ke5 48. Nc6+ Kf4 49. a4 bxa3 50. Kxc3 Kg3 51. b4 1/2-1/2

[Event "Prague Mladi-A"]
[Site "Prague CZE"]
[Date "1988.??.??"]
[Round "7"]
[White "Blagojevic, Dragisa"]
[Black "Pribyl, Josef"]
[Result "1-0"]
[WhiteElo "2445"]
[BlackElo "2435"]
[PlyCount "74"]
[EventDate "1988.10.??"]
[Source "www.chesslib.no"]
[SourceDate "2004.05.04"]

1. d4 Nf6 2. c4 g6 3. Nf3 Bg7 4. g3 d5 5. cxd5 Nxd5 6. Bg2 O-O 7. O-O Nc6 8. e4 Nb6 9. d5 Na5 10. Qe1 Nac4 11. Nc3 c6 12. b3 cxd5 13. bxc4 dxe4 14. Ng5 f5 15. Rb1 h6 16. Ngxe4 fxe4 17. Nxe4 Nxc4 18. Nc5 Qd6 19. Nxb7 Bxb7 20. Rxb7 e5 21. Qb4 Rac8 22. Qxd6 Nxd6 23. Rxa7 Nb5 24. Ra6 Kh7 25. Be3 Rf7 26. Be4 Bf6 27. Kg2 Kg7 28. a4 Nc3 29. Rc1 Rfc7 30. Ra8 Rxa8 31. Bxa8 Bg5 32. Bxg5 hxg5 33. a5 Ra7 34. Rxc3 Rxa8 35. Ra3 Ra6 36. Kf3 Kf6 37. Kg4 e4 1-0

[Event "JUG Team Ch"]
[Site "Cetinje"]
[Date "1990.??.??"]
[Round "8"]
[White "Ilic, Zoran"]
[Black "Djuric, Stefan"]
[Result "1/2-1/2"]
[WhiteElo "2375"]
[BlackElo "2495"]
[PlyCount "23"]
[EventDate "1990.??.??"]
[Source "www.chesslib.no"]
[SourceDate "2004.05.04"]

1. d4 Nf6 2. Nf3 g6 3. c4 Bg7 4. g3 d5 5. cxd5 Nxd5 6. Bg2 O-O 7. O-O Nc6 8. e4 Nb6 9. d5 Nb8 10. Nc3 c6 11. Qb3 cxd5 12. Nxd5 1/2-1/2

[Event "JUG-Cup"]
[Site "Svetozarevo"]
[Date "1990.??.??"]
[Round "?"]
[White "Ilic, Zoran"]
[Black "Djuric, Stefan"]
[Result "0-1"]
[WhiteElo "2375"]
[BlackElo "2495"]
[PlyCount "80"]
[EventDate "1990.??.??"]
[Source "www.chesslib.no"]
[SourceDate "2004.05.04"]

1. d4 Nf6 2. Nf3 g6 3. c4 Bg7 4. g3 O-O 5. Bg2 d5 6. cxd5 Nxd5 7. O-O Nc6 8. e4 Nb6 9. d5 Nb8 10. Nc3 c6 11. Bg5 h6 12. Bf4 Bg4 13. h3 e5 14. dxe6 Bxe6 15. Qc1 g5 16. Be5 Bxe5 17. Nxe5 N8d7 18. Nf3 Qf6 19. Rd1 Rad8 20. h4 Ne5 21. Nxe5 Qxe5 22. hxg5 hxg5 23. Qe3 Nc4 24. Qe2 Kg7 25. Rxd8 Rxd8 26. Rd1 Rh8 27. Re1 b5 28. Qc2 b4 29. Nd1 Qd4 30. b3 Qd2 31. Qxd2 Nxd2 32. e5 Bg4 33. Re3 Bf5 34. Re2 Rd8 35. Ne3 Bb1 36. Bxc6 Bxa2 37. Nd5 Nf3+ 38. Kg2 Bxb3 39. Nxb4 Nd4 40. e6 Nxe6 0-1

[Event "Schoeneck Open"]
[Site "Schoeneck"]
[Date "1988.??.??"]
[Round "11"]
[White "Farago, Sandor"]
[Black "Gutman, Lev"]
[Result "0-1"]
[WhiteElo "2400"]
[BlackElo "2465"]
[PlyCount "82"]
[EventDate "1988.??.??"]
[Source "www.chesslib.no"]
[SourceDate "2004.05.04"]

1. d4 Nf6 2. Nf3 g6 3. g3 Bg7 4. Bg2 O-O 5. c4 d5 6. cxd5 Nxd5 7. O-O c6 8. Nc3 Nxc3 9. bxc3 Qa5 10. Qb3 Nd7 11. e4 Nb6 12. e5 Be6 13. Qa3 Qxa3 14. Bxa3 Na4 15. Rfc1 Bh6 16. Rcb1 Rfb8 17. Bc1 Bf8 18. Bd2 h6 19. Be1 Bf5 20. Rb4 Bc2 21. d5 c5 22. Rg4 b5 23. Nh4 Rb6 24. e6 Rd8 25. exf7+ Kxf7 26. c4 b4 27. Rc1 Bd3 28. Nf3 Bg7 29. Bf1 Bxf1 30. Kxf1 e6 31. dxe6+ Rxe6 32. Nd2 Bb2 33. Rb1 Rxe1+ 34. Rxe1 Rxd2 35. Rf4+ Bf6 36. Re3 Nb6 37. a3 a5 38. h4 Rd4 39. Rxd4 cxd4 40. Rb3 Nxc4 41. Ke2 bxa3 0-1

[Event "Bela Crkva Open"]
[Site "Bela Crkva"]
[Date "1990.??.??"]
[Round "4"]
[White "Itkis, Boris"]
[Black "Dvoirys, Semen I"]
[Result "0-1"]
[WhiteElo "2310"]
[BlackElo "2535"]
[PlyCount "90"]
[EventDate "1990.??.??"]
[Source "www.chesslib.no"]
[SourceDate "2004.05.04"]

1. d4 Nf6 2. Nf3 g6 3. c4 Bg7 4. g3 d5 5. cxd5 Nxd5 6. Bg2 O-O 7. O-O Nc6 8. Nc3 Nxc3 9. bxc3 e5 10. Bg5 Qd6 11. Nxe5 Nxe5 12. Bf4 Qe7 13. Bxe5 Bxe5 14. dxe5 Qxe5 15. Rb1 c6 16. Qd2 Qe7 17. Rfd1 Be6 18. Rb4 a5 19. Rd4 a4 20. c4 a3 21. h4 Ra4 22. Qe3 Qc5 23. Rc1 b5 24. Rc3 Bxc4 25. Bf3 Raa8 26. h5 Rae8 27. Qd2 Re6 28. e3 Qb4 29. Be2 c5 30. Rdxc4 bxc4 31. Bxc4 Re4 32. Qd3 Rg4 33. Kg2 gxh5 34. Bd5 h4 35. Rb3 Qe1 36. Rb1 Qa5 37. Rh1 Qb6 38. Bf3 Ra4 39. Be4 hxg3 40. Rxh7 gxf2 41. Rh4 Rd8 42. Qe2 Qb2 43. Qh5 f1=Q+ 44. Kxf1 Qc1+ 45. Kg2 Rd2+ 0-1

[Event "Lone Pine op"]
[Site "Lone Pine"]
[Date "1981.??.??"]
[Round "?"]
[White "Bradford, Joseph M"]
[Black "Gutman, Lev"]
[Result "1/2-1/2"]
[WhiteElo "2385"]
[BlackElo "2450"]
[PlyCount "75"]
[EventDate "1981.04.??"]
[Source "ChessBase"]

1. Nf3 Nf6 2. c4 g6 3. d4 Bg7 4. g3 O-O 5. Bg2 d5 6. cxd5 Nxd5 7. O-O c5 8. Na3 Nb4 9. dxc5 N8a6 10. Nc4 Qxd1 11. Rxd1 Be6 12. Ne3 Bxa2 13. c6 bxc6 14. Nd4 c5 15. Nc6 Rae8 16. Rd7 Nxc6 17. Bxc6 Nb4 18. Bd5 Bxd5 19. Nxd5 Nxd5 20. Rxd5 c4 21. Rxa7 Ra8 22. Rxa8 Rxa8 23. Rc5 c3 24. b4 Bd4 25. Rc4 Be5 26. Kg2 f5 27. Bf4 Bxf4 28. gxf4 Ra4 29. Kf3 c2 30. Rxc2 Rxb4 31. Rc8+ Kg7 32. Re8 Re4 33. e3 Kh6 34. Rh8 Re6 35. Kg3 Re4 36. Kf3 Ra4 37. Rg8 Re4 38. Rh8 1/2-1/2

[Event "BL2-O 9596"]
[Site "GER"]
[Date "1996.??.??"]
[Round "?"]
[White "Bewersdorff, Oliver"]
[Black "Gutman, Lev"]
[Result "0-1"]
[WhiteElo "2385"]
[BlackElo "2450"]
[PlyCount "128"]
[EventDate "1995.10.??"]
[Source "www.chesslib.no"]
[SourceDate "2004.05.04"]

1. d4 Nf6 2. c4 g6 3. g3 Bg7 4. Bg2 O-O 5. Nf3 d5 6. cxd5 Nxd5 7. O-O c6 8. e4 Nc7 9. Nc3 Bg4 10. Qb3 Qc8 11. Be3 Nba6 12. Rac1 Rb8 13. Rfd1 Qd7 14. Rd2 Bxf3 15. Bxf3 Rfd8 16. Rcd1 Ne8 17. Be2 Nd6 18. Qa4 Qc8 19. Rc1 b5 20. Qb3 Qb7 21. e5 Nf5 22. Ne4 Rbc8 23. Bf3 Qb6 24. Nc5 Nc7 25. Be4 e6 26. g4 Nxe3 27. Qxe3 Nd5 28. Bxd5 Rxd5 29. f4 Rcd8 30. Rcd1 b4 31. g5 h5 32. gxh6 Bxh6 33. Ne4 Kg7 34. Nf6 Ra5 35. b3 c5 36. d5 exd5 37. Rxd5 Rxd5 38. Rxd5 c4 39. Qxb6 axb6 40. bxc4 Bxf4 41. Nd7 Rxa2 42. Rb5 Bxh2+ 43. Kf1 b3 44. Rxb3 Rd2 45. Nxb6 Bxe5 46. c5 Rc2 47. Nd7 Bd4 48. Rb5 Be3 49. Ke1 g5 50. Rb7 Bf4 51. Kd1 Rc3 52. Ke2 Re3+ 53. Kf1 Rd3 54. Ke2 Rd4 55. Kf3 g4+ 56. Ke2 Rd2+ 57. Ke1 g3 58. Ne5 Kf6 59. Nf3 Rd3 60. Ng1 Be3 61. Ke2 Rc3 62. Nh3 g2 63. Rb1 Bxc5 64. Nf4 Rb3 0-1

[Event "Spring op"]
[Site "Budapest"]
[Date "1990.??.??"]
[Round "5"]
[White "Fominyh, Alexander"]
[Black "Rosenthal, Dirk"]
[Result "1-0"]
[WhiteElo "2525"]
[BlackElo "2305"]
[PlyCount "44"]
[EventDate "1990.??.??"]
[Source "ChessBase"]

1. Nf3 Nf6 2. c4 g6 3. d4 Bg7 4. g3 O-O 5. Bg2 d5 6. cxd5 Nxd5 7. O-O Nc6 8. e4 Nb6 9. d5 Na5 10. Qe1 Nbc4 11. Nc3 c6 12. b3 Ne5 13. Nxe5 Bxe5 14. Bh6 Re8 15. Rd1 Qd6 16. Qe3 Qf6 17. dxc6 Qxc6 18. Nd5 Bg4 19. Qg5 Bxd1 20. Qxe5 f6 21. Qxe7 Rxe7 22. Nxe7+ Kf7 1-0

[Event "Itl."]
[Site "?"]
[Date "1997.??.??"]
[Round "?"]
[White "Donaldson John W"]
[Black "Cartagena Omar"]
[Result "1-0"]
[WhiteElo "2405"]
[BlackElo "2425"]
[PlyCount "47"]
[EventDate "1997.??.??"]
[Source "www.chesslib.no"]
[SourceDate "2004.05.04"]

1. Nf3 Nf6 2. c4 g6 3. Nc3 d5 4. cxd5 Nxd5 5. g3 Bg7 6. Bg2 Nb6 7. d4 O-O 8. O-O c6 9. Bh6 Qe8 10. Bxg7 Kxg7 11. b3 f6 12. Rc1 Bg4 13. a4 Qf7 14. a5 e6 15. axb6 Kh6 16. Ne5 fxe5 17. h4 Rh8 18. Na4 Rc8 19. Rxc6 Kg7 20. Bd5 g5 21. f3 Kg6 22. Rd6 Kf5 23. Re1 Kf6 24. Rxe6+ 1-0

[Event "Madonna di Campiglio"]
[Site "Madonna di Campiglio"]
[Date "1973.??.??"]
[Round "?"]
[White "Lengyel, Levente"]
[Black "Cardoso, Radolfo Tan"]
[Result "1/2-1/2"]
[WhiteElo "2450"]
[BlackElo "2375"]
[PlyCount "78"]
[EventDate "1973.??.??"]
[Source "www.chesslib.no"]
[SourceDate "2004.05.04"]

1. Nf3 Nf6 2. c4 g6 3. d4 Bg7 4. g3 d5 5. cxd5 Nxd5 6. Bg2 O-O 7. O-O Nd7 8. e4 N5b6 9. Nc3 c6 10. Bf4 Re8 11. h3 Nf8 12. Ne2 Be6 13. Rc1 Qd7 14. Kh2 Rad8 15. b3 f6 16. Qd2 g5 17. Be3 Bf7 18. Qa5 Nc8 19. Nc3 b6 20. Qa6 Ne6 21. Rfd1 Nc7 22. Qa4 h6 23. Rd2 a5 24. Nb1 Nb5 25. Rdc2 Nca7 26. Nbd2 Nd6 27. b4 axb4 28. Qxb4 Rb8 29. Ne1 Rec8 30. Nd3 Bf8 31. a4 Qb7 32. Qa3 e6 33. Qa1 Bg6 34. a5 bxa5 35. Nc5 Qe7 36. Qxa5 Ra8 37. Qa2 Bf7 38. Qb1 Nab5 39. Rb2 e5 1/2-1/2

[Event "Graz"]
[Site "?"]
[Date "2006.11.05"]
[Round "3"]
[White "Dizdar Goran"]
[Black "Wukits Rene"]
[Result "1-0"]
[WhiteElo "2530"]
[BlackElo "2291"]
[PlyCount "43"]
[EventDate "2006.??.??"]
[Source "www.chesslib.no"]
[SourceDate "2004.05.04"]

1. d4 Nf6 2. Nf3 g6 3. c4 Bg7 4. g3 O-O 5. Bg2 d5 6. cxd5 Nxd5 7. O-O Nc6 8. e4 Nb6 9. d5 Na5 10. Qe1 Nac4 11. Nc3 c6 12. b3 cxd5 13. exd5 Na5 14. Bb2 Nxd5 15. Nxd5 Qxd5 16. Bxg7 Kxg7 17. Rd1 Qh5 18. Ne5 Nc6 19. Nxc6 bxc6 20. Bxc6 Rb8 21. Rd5 Bf5 22. Qxe7 1-0

[Event "Weekend Invit"]
[Site "London Weekend Invit"]
[Date "1973.??.??"]
[Round "?"]
[White "Keene, Raymond D"]
[Black "Miles, Anthony J"]
[Result "1-0"]
[WhiteElo "2445"]
[BlackElo "2375"]
[PlyCount "59"]
[EventDate "1973.??.??"]
[Source "www.chesslib.no"]
[SourceDate "2004.05.04"]

1. Nf3 g6 2. c4 Bg7 3. g3 Nf6 4. Bg2 O-O 5. O-O d5 6. cxd5 Nxd5 7. d4 Nc6 8. Nc3 Bf5 9. Nd2 Nxc3 10. bxc3 e5 11. d5 Ne7 12. e4 Bd7 13. Qb3 b6 14. Nc4 b5 15. Ne3 c5 16. dxc6 Bxc6 17. Ba3 Re8 18. Rfd1 Qb6 19. c4 bxc4 20. Nxc4 Qxb3 21. axb3 Nc8 22. Bc5 Bf8 23. Bxf8 Kxf8 24. Ra5 Rb8 25. Nxe5 Bb5 26. Rd5 a6 27. Bf1 Bxf1 28. Nd7+ Kg7 29. Nxb8 Nb6 30. Rd6 1-0

[Event "20. North Sea Cup"]
[Site "?"]
[Date "2005.07.04"]
[Round "4"]
[White "Matthiesen Arne"]
[Black "Djuric Stefan"]
[Result "0-1"]
[WhiteElo "2356"]
[BlackElo "2463"]
[PlyCount "70"]
[EventDate "2005.??.??"]
[Source "www.chesslib.no"]
[SourceDate "2004.05.04"]

1. d4 Nf6 2. c4 g6 3. Nf3 Bg7 4. g3 d5 5. cxd5 Nxd5 6. Bg2 O-O 7. O-O c5 8. e4 Nf6 9. e5 Nd5 10. dxc5 Nc6 11. Na3 Ndb4 12. Bd2 Nd3 13. Bc3 Nxc5 14. Nc4 Bf5 15. Qxd8 Rfxd8 16. Na5 Nxa5 17. Bxa5 b6 18. Bc3 Rac8 19. Rad1 Rxd1 20. Rxd1 Na4 21. Bd4 Rd8 22. Re1 Bg4 23. Re4 Be6 24. Re3 Bd5 25. Ra3 Bxf3 26. Rxa4 b5 27. Rb4 a5 28. Rxb5 Bxg2 29. Kxg2 Rxd4 30. Rxa5 Re4 31. Ra8+ Bf8 32. a4 Rb4 33. a5 Rxb2 34. a6 e6 35. a7 Ra2 0-1

[Event "GER CupT"]
[Site "GER"]
[Date "1991.??.??"]
[Round "?"]
[White "Stern, Rene"]
[Black "Gutman, Lev"]
[Result "1/2-1/2"]
[WhiteElo "2370"]
[BlackElo "2445"]
[PlyCount "84"]
[EventDate "1991.??.??"]
[Source "ChessBase"]

1. d4 Nf6 2. c4 g6 3. Nf3 Bg7 4. g3 O-O 5. Bg2 d5 6. cxd5 Nxd5 7. O-O c6 8. e4 Nc7 9. Nc3 Bg4 10. Be3 Qd6 11. h3 Bxf3 12. Bxf3 Rd8 13. Qb3 Nba6 14. Rfd1 Qb4 15. Qxb4 Nxb4 16. Rac1 f5 17. a3 fxe4 18. Bxe4 Nbd5 19. Kg2 Rd6 20. Bb1 Nxc3 21. bxc3 Nd5 22. Ba2 Kf8 23. Bg5 Rad8 24. Re1 R8d7 25. Rc2 h6 26. Bc1 h5 27. h4 b5 28. Bg5 Bf6 29. c4 bxc4 30. Bxf6 exf6 31. Rxc4 Ne7 32. Rb1 f5 33. Rb8+ Kg7 34. Ra8 Rb7 35. Ra4 Rdd7 36. Be6 Rdc7 37. Ra6 f4 38. Kf3 fxg3 39. fxg3 Kf6 40. d5 Ke5 41. d6 Kxd6 42. Bf7 Ke5 1/2-1/2

[Event "Open"]
[Site "St Petersburg op"]
[Date "1995.??.??"]
[Round "1"]
[White "Makarov, Marat"]
[Black "Zilberstein, Valery I"]
[Result "1/2-1/2"]
[WhiteElo "2520"]
[BlackElo "2290"]
[PlyCount "34"]
[EventDate "1995.??.??"]
[Source "www.chesslib.no"]
[SourceDate "2004.05.04"]

1. Nf3 Nf6 2. c4 g6 3. d4 Bg7 4. g3 O-O 5. Bg2 d5 6. cxd5 Nxd5 7. O-O c5 8. Qa4 Nc3 9. Qxa7 Nxa2 10. Qa6 b6 11. d5 Bb7 12. Rxa2 Bc8 13. b4 Ra7 14. Bg5 Qc7 15. d6 Bc3 16. Qb7 Bg7 17. Nh4 Rxa2 1/2-1/2

[Event "SVK-ch op"]
[Site "?"]
[Date "1996.??.??"]
[Round "5"]
[White "Tibensky Robert"]
[Black "Gazik Igor"]
[Result "1-0"]
[WhiteElo "2425"]
[BlackElo "2380"]
[PlyCount "121"]
[EventDate "1996.??.??"]
[Source "www.chesslib.no"]
[SourceDate "2004.05.04"]

1. d4 Nf6 2. c4 g6 3. g3 Bg7 4. Bg2 O-O 5. Nf3 d5 6. cxd5 Nxd5 7. O-O Nc6 8. e4 Nb6 9. d5 Ne5 10. Nxe5 Bxe5 11. f4 Bg7 12. e5 Bf5 13. Nc3 Qd7 14. h3 Qc8 15. e6 Rd8 16. exf7+ Kf8 17. g4 Be6 18. f5 gxf5 19. gxf5 Bxd5 20. Nxd5 Nxd5 21. Bxd5 c6 22. Qh5 Rxd5 23. Qxh7 Kxf7 24. Qg6+ Kg8 25. Bh6 Qf8 26. Rae1 Qf7 27. Qxg7+ Qxg7+ 28. Bxg7 Kxg7 29. Rxe7+ Kf6 30. Rxb7 Rg8+ 31. Kh1 Rd2 32. Rg1 Rxg1+ 33. Kxg1 Kxf5 34. Rf7+ Kg5 35. Rf2 Rd3 36. Kg2 Kh4 37. Rf4+ Kg5 38. Rf3 Rd1 39. Rf2 Rd3 40. Rc2 Kh4 41. Rc4+ Kg5 42. Rc3 Rd2+ 43. Kg3 Rxb2 44. Rc5+ Kg6 45. Rxc6+ Kf5 46. Rc5+ Ke4 47. Ra5 Rb7 48. Kg4 Rg7+ 49. Rg5 Rh7 50. h4 Kd4 51. h5 Kc4 52. a3 Kb3 53. Ra5 Rg7+ 54. Kf5 Rf7+ 55. Kg6 Rc7 56. Ra6 Rc1 57. h6 Rg1+ 58. Kf7 Rh1 59. Kg7 Rg1+ 60. Rg6 Rh1 61. Rg3+ 1-0

[Event "Dubai op"]
[Site "Dubai"]
[Date "2001.04.15"]
[Round "1"]
[White "Neverov, Valeriy"]
[Black "Shabash, Abdullatief Mohamed"]
[Result "1-0"]
[WhiteElo "2562"]
[BlackElo "2240"]
[PlyCount "115"]
[EventDate "2001.04.15"]
[Source "ChessBase"]
[SourceDate "2001.07.05"]

1. d4 Nf6 2. c4 g6 3. Nf3 Bg7 4. g3 O-O 5. Bg2 d5 6. cxd5 Nxd5 7. O-O Nc6 8. e4 Nb6 9. d5 Ne5 10. Nxe5 Bxe5 11. Nc3 Bg7 12. a4 e6 13. a5 Nc4 14. Qc2 Nd6 15. dxe6 Bxe6 16. f4 c6 17. Rd1 Qe7 18. e5 Nb5 19. Nxb5 cxb5 20. Be3 Rac8 21. Qf2 a6 22. Rac1 Rfd8 23. Rxd8+ Qxd8 24. Rxc8 Bxc8 25. Qc2 Bf5 26. Qd2 Qc8 27. Qc3 Bf8 28. Qxc8 Bxc8 29. Bd5 Bb4 30. Bb6 Kf8 31. Kf2 Ke7 32. Ke3 Ke8 33. Kd4 Be1 34. Bf3 h5 35. Kd3 Bb4 36. Bd5 Bf5+ 37. Kd4 Bc8 38. Bg2 Be1 39. Kd5 Bb4 40. Kd4 Be1 41. Bd5 Bf2+ 42. Kd3 Be1 43. Bc7 Bb4 44. Kd4 Ke7 45. Bd6+ Bxd6 46. exd6+ Kxd6 47. Bxf7 Bf5 48. Bd5 Kc7 49. Kc5 Bc8 50. Be4 Bf5 51. Bxf5 gxf5 52. Kd5 b6 53. axb6+ Kxb6 54. Ke5 a5 55. Kxf5 a4 56. Ke4 Kc5 57. Kd3 Kb4 58. f5 1-0

[Event "NRW-Liga I 9596"]
[Site "GER"]
[Date "1996.??.??"]
[Round "?"]
[White "Lingnau, Carsten"]
[Black "Dueball, Juergen"]
[Result "1/2-1/2"]
[WhiteElo "2390"]
[BlackElo "2395"]
[PlyCount "65"]
[EventDate "1995.??.??"]
[Source "www.chesslib.no"]
[SourceDate "2004.05.04"]

1. Nf3 g6 2. c4 Bg7 3. d4 Nf6 4. g3 O-O 5. Bg2 d5 6. cxd5 Nxd5 7. O-O Nc6 8. e4 Nb6 9. d5 Ne5 10. Nxe5 Bxe5 11. Nc3 e6 12. Qb3 exd5 13. exd5 Bf5 14. Be3 Qd7 15. Rfd1 Rfe8 16. a4 a5 17. Bxb6 cxb6 18. Qxb6 Rec8 19. d6 Bxc3 20. bxc3 Ra6 21. Qxb7 Rxd6 22. Rxd6 Qxd6 23. Bd5 Be6 24. c4 Rc5 25. Bxe6 Qxe6 26. Qb8+ Kg7 27. Rc1 h5 28. h4 Qe4 29. Qb2+ Kh7 30. Qb3 Qd4 31. Qc3 Qe4 32. Qc2 Qd4 33. Qc3 1/2-1/2